| 000 | 00546nam a2200241Ia 4500 | ||
|---|---|---|---|
| 008 | 210210b1919 xxu||||| |||| 00| 0 eng d | ||
| 041 | _aeng | ||
| 082 | _a331/2 | ||
| 100 | _aBAGEHOT (W) | ||
| 245 | _aLombard street: a description of the money market: Withers | ||
| 260 |
_aLondon _bJohn Murray _c1919 |
||
| 650 | _aWithers | ||
| 650 | _athe | ||
| 650 | _astreet: | ||
| 650 | _aof | ||
| 650 | _amoney | ||
| 650 | _amarket: | ||
| 650 | _aLombard | ||
| 650 | _adescription | ||
| 650 | _aa | ||
| 690 | _aBanking | ||
| 906 | _a003904 | ||
| 999 |
_c121495 _d121495 |
||